000 00839nam a22001817a 4500
005 20120206094340.0
020 _c195.00
_a 8187077417
035 _aB-158193
037 _b
_adpl
082 _a133.5
100 _aश्यामलाल
_940824
245 1 _aद्वादशभावसिन्धुः धनभावः सुतभावःसुखभावः सहजभाव /
_cश्यामलाल
260 _aनई दिल्ली
_bअजय बुक सर्विस
_c2003
270 _a
_b
_e
_k
300 _a425पृ.
_c22सेमी (अजिल्द)
942 _adpl
_cHN
_k
_2ddc
_h133.5
_mश्यामला
999 _c61982
_d61982